| 000 | 00885nam a22002171 4500 | ||
|---|---|---|---|
| 001 | 179604 | ||
| 003 | ES-MaACL | ||
| 005 | 20250730024615.0 | ||
| 008 | 111226s1911 sp |||| | spa d | ||
| 100 | 1 |
_aPolo Benito, José. _992870 |
|
| 245 | 1 | 3 |
_aEl hogar jurdano _b: consejos para la construcción en la Jurdes de viviendas sanas y baratas / _cpor José Polo Benito. |
| 260 |
_aMadrid : _bSociedad Española de Higiene, _c1911. |
||
| 300 |
_a24 p. : _bil. ; _c20 cm. |
||
| 490 | 1 |
_aLegado Roel : Colección de Memorias Premiadas ; _v9 |
|
| 500 | _aConcurso de 1909-1910. | ||
| 651 | 4 |
_aLas Hurdes (Cáceres, Comarca)- _xDescripción. _9159907 |
|
| 710 | 2 |
_aSociedad Española de Higiene. _96725 |
|
| 830 | 0 | 0 |
_aLegado Roel: Colección de memorias premiadas _v9 _9183286 |
| 852 |
_aES-MaACL _jC-8171(8) _z.- Encuadernado con otras obras |
||
| 999 |
_c179604 _d179604 |
||